000 00254nam a2200097Ia 4500
008 220204s9999 xx 000 0 und d
082 _a91(100)
_bWHE
245 0 _aWhere's where: A descriptive gazetteer
260 _aLondon
_bEyre Methuen
_c1974
942 _cBK
999 _c27982
_d27982